[Event "18th Capablanca Memorial group A"]
[Site "Cienfuegos City CUB"]
[Date "1983.??.??"]
[Round "7"]
[White "Hernandez Onna, Roman"]
[Black "Zapata Ramirez, Alonso"]
[Result "0-1"]
[WhiteElo "2435"]
[BlackElo "2425"]
[EventDate "1983.05.??"]
[PlyCount "74"]

1.Nf3 Nf6 2.c4 d6 3.Nc3 e5 4.g3 g6 5.Bg2 Bg7 6.O-O O-O 7.d3 Nc6 8.Rb1 a5 
9.a3 h6 10.b4 axb4 11.axb4 Be6 12.b5 Ne7 13.Bb2 Qd7 14.Re1 Bh3 15.Bh1 Ng4 
16.Ra1 Rab8 17.Qc2 f5 18.e3 g5 19.Ra7 Kh8 20.Nd2 f4 21.exf4 gxf4 22.Nf3 
Qf5 23.Ne4 Qh5 24.b6 cxb6 25.Nxd6 Nc6 26.Ra3 fxg3 27.fxg3 Nd4 28.Bxd4 exd4
29.Ne4 Ne3 30.Qf2 Bg4 31.Ned2 Nc2 32.Raa1 Nxa1 33.Rxa1 Rbe8 34.h3 Bxh3 35.
Qh2 Re3 36.Nh4 Be6 37.Ndf3 Rg8 0-1

[Event "18th Capablanca Memorial group A"]
[Site "Cienfuegos City CUB"]
[Date "1983.??.??"]
[Round "7"]
[White "Psakhis, Lev"]
[Black "Fernandez Gonzalez, Juan Carlos"]
[Result "1-0"]
[WhiteElo "2580"]
[BlackElo "2410"]
[EventDate "1983.05.??"]
[PlyCount "59"]

1.d4 Nf6 2.c4 e6 3.Nc3 Bb4 4.e3 O-O 5.Nf3 d5 6.Be2 c6 7.O-O Nbd7 8.Bd2 Qe7
9.Qc2 dxc4 10.Bxc4 e5 11.Bb3 Bd6 12.h3 h6 13.Nh4 Re8 14.Nf5 Qf8 15.dxe5 
Bxe5 16.f4 Bc7 17.Rf3 Nc5 18.Nxh6+ gxh6 19.Qg6+ Qg7 20.Bxf7+ Kf8 21.Bxe8 
Nxe8 22.Qc2 Nd6 23.Nd5 Nce4 24.Bc3 Qf7 25.Nxc7 Qxc7 26.f5 c5 27.Be5 Qc6 
28.Bxd6+ Nxd6 29.f6 Nb5 30.Qg6 1-0

[Event "18th Capablanca Memorial group A"]
[Site "Cienfuegos City CUB"]
[Date "1983.??.??"]
[Round "7"]
[White "Prandstetter, Eduard"]
[Black "Boudy Bueno, Julio"]
[Result "1-0"]
[WhiteElo "2430"]
[BlackElo "2335"]
[EventDate "1983.05.??"]
[PlyCount "39"]

1.e4 c5 2.Nf3 d6 3.d4 cxd4 4.Nxd4 Nf6 5.Nc3 e6 6.Be2 Be7 7.O-O O-O 8.f4 a6
9.Kh1 Qc7 10.Qe1 b5 11.Bf3 Bb7 12.e5 dxe5 13.fxe5 Nfd7 14.Qg3 Kh8 15.Bf4 
Bxf3 16.Qxf3 Nb6 17.Qh5 N8d7 18.Rf3 g6 19.Qh6 Rg8 20.Qxh7+ 1-0

[Event "18th Capablanca Memorial group A"]
[Site "Cienfuegos City CUB"]
[Date "1983.??.??"]
[Round "7"]
[White "Bielczyk, Jacek"]
[Black "Remon Gay, Adelquis"]
[Result "1-0"]
[WhiteElo "2410"]
[BlackElo "2375"]
[EventDate "1983.05.??"]
[PlyCount "61"]

1.e4 c5 2.Nf3 Nc6 3.d4 cxd4 4.Nxd4 Nf6 5.Nc3 e5 6.Ndb5 d6 7.Bg5 a6 8.Na3 
b5 9.Bxf6 gxf6 10.Nd5 f5 11.Bd3 Be6 12.Qh5 Bg7 13.c3 f4 14.g3 Bxd5 15.exd5
Ne7 16.Be4 Qb6 17.Nc2 a5 18.a3 Ra7 19.Rd1 Qc5 20.O-O Ng6 21.Rfe1 Re7 22.
Qf5 O-O 23.Kg2 Qc8 24.Qxc8 Rxc8 25.Bxg6 fxg6 26.gxf4 Rf7 27.fxe5 Bxe5 28.
Nd4 Rcf8 29.Re2 Bxd4 30.Rxd4 Rf6 31.Red2 1-0

[Event "18th Capablanca Memorial group A"]
[Site "Cienfuegos City CUB"]
[Date "1983.??.??"]
[Round "7"]
[White "Diaz Diaz, Joaquin"]
[Black "Pfleger, Helmut"]
[Result "0-1"]
[WhiteElo "2365"]
[BlackElo "2505"]
[EventDate "1983.05.??"]
[PlyCount "34"]

1.e4 d6 2.d4 Nf6 3.Nc3 g6 4.f4 Bg7 5.Nf3 O-O 6.Bd3 Na6 7.O-O c5 8.d5 Rb8 
9.Qe2 Nc7 10.a4 a6 11.a5 Bg4 12.h3 Bxf3 13.Qxf3 e6 14.dxe6 Nxe6 15.Be3 Nd7
16.Ra2 Nd4 17.Qg3 f5 0-1

[Event "18th Capablanca Memorial group A"]
[Site "Cienfuegos City CUB"]
[Date "1983.??.??"]
[Round "8"]
[White "Zapata Ramirez, Alonso"]
[Black "Pfleger, Helmut"]
[Result "1-0"]
[WhiteElo "2425"]
[BlackElo "2505"]
[EventDate "1983.05.??"]
[PlyCount "99"]

1.e4 d6 2.d4 Nf6 3.Nc3 g6 4.Be3 Bg7 5.Qd2 Nc6 6.Nf3 O-O 7.d5 Nb4 8.a3 Na6 
9.Bxa6 bxa6 10.Bh6 e5 11.dxe6 fxe6 12.Bxg7 Kxg7 13.e5 dxe5 14.Qxd8 Rxd8 
15.Nxe5 Bb7 16.f3 Nd5 17.Ne2 Ne3 18.Kf2 Rd5 19.Kxe3 Rxe5+ 20.Kf2 Rd8 21.
Rhd1 Red5 22.Rxd5 Rxd5 23.Re1 Rd2 24.Rc1 Kf6 25.Ke3 Rd5 26.Nc3 Rd6 27.Rd1 
Ke5 28.Rd3 a5 29.Na4 Ba6 30.Rc3 Bb5 31.Nc5 Rb6 32.Ne4 Rc6 33.Rxc6 Bxc6 34.
Ng5 h5 35.h4 Kf5 36.Nh3 a4 37.Nf2 e5 38.g4+ Ke6 39.Nd3 Kd6 40.gxh5 gxh5 
41.f4 e4 42.Nf2 Ke6 43.Nxe4 Kd5 44.Ng3 Be8 45.Ne4 Bg6 46.Ng3 Be8 47.Nf5 a6
48.Ng3 Bf7 49.Kf3 Be8 50.Ne4 1-0

[Event "18th Capablanca Memorial group A"]
[Site "Cienfuegos City CUB"]
[Date "1983.??.??"]
[Round "8"]
[White "Remon Gay, Adelquis"]
[Black "Diaz Diaz, Joaquin"]
[Result "1/2-1/2"]
[WhiteElo "2375"]
[BlackElo "2365"]
[EventDate "1983.05.??"]
[PlyCount "61"]

1.d4 d5 2.c4 e6 3.Nc3 Be7 4.Nf3 Nf6 5.g3 O-O 6.Bg2 dxc4 7.Qa4 a6 8.Qxc4 b5
9.Qb3 Bb7 10.O-O c5 11.Rd1 Nbd7 12.dxc5 Qe8 13.Be3 Nxc5 14.Bxc5 Bxc5 15.
Ne5 Bxg2 16.Kxg2 Qb8 17.Nd3 Qb7+ 18.Kg1 Bb6 19.a4 Rfd8 20.axb5 Ng4 21.Qc4 
Rxd3 22.Qxg4 Rxd1+ 23.Rxd1 axb5 24.Qb4 Ra5 25.e3 h6 26.Qe4 Qxe4 27.Nxe4 
Ra2 28.Rd2 Ba5 29.Rc2 Bb4 30.Kf1 Kh7 31.f4 1/2-1/2

[Event "18th Capablanca Memorial group A"]
[Site "Cienfuegos City CUB"]
[Date "1983.??.??"]
[Round "8"]
[White "Rivas Pastor, Manuel"]
[Black "Bielczyk, Jacek"]
[Result "1-0"]
[WhiteElo "2465"]
[BlackElo "2410"]
[EventDate "1983.05.??"]
[PlyCount "73"]

1.d4 Nf6 2.c4 d6 3.Nc3 Nbd7 4.e4 e5 5.Nge2 c6 6.f3 Be7 7.Be3 O-O 8.d5 cxd5
9.cxd5 Ne8 10.Qd2 h6 11.O-O-O Bg5 12.h4 Bxe3 13.Qxe3 a6 14.g4 b5 15.Ng3 b4
16.Nce2 Nb6 17.Kb1 Bd7 18.Nc1 Rc8 19.Bxa6 Rb8 20.g5 h5 21.Nxh5 Nc7 22.Bd3 
Ba4 23.Rdg1 Nb5 24.Bxb5 Bxb5 25.Nb3 Nc4 26.Qf2 Ra8 27.f4 Rxa2 28.Kxa2 Qa8+
29.Kb1 Rc8 30.Rh3 Qa4 31.g6 f6 32.Rc1 Ra8 33.Kc2 Qa2 34.Kd1 Nxb2+ 35.Ke1 
Bd3 36.fxe5 Qxb3 37.Qa7 1-0

[Event "18th Capablanca Memorial group A"]
[Site "Cienfuegos City CUB"]
[Date "1983.??.??"]
[Round "8"]
[White "Boudy Bueno, Julio"]
[Black "Rodriguez Cespedes, Amador"]
[Result "0-1"]
[WhiteElo "2335"]
[BlackElo "2475"]
[EventDate "1983.05.??"]
[PlyCount "140"]

1.e4 e5 2.Nf3 Nc6 3.Bb5 a6 4.Ba4 Nf6 5.O-O b5 6.Bb3 Be7 7.Re1 O-O 8.c3 d5 
9.exd5 Nxd5 10.Nxe5 Nxe5 11.Rxe5 c6 12.Bxd5 cxd5 13.d4 Bd6 14.Re3 Qh4 15.
h3 Qf4 16.Rg3 Qf6 17.Rf3 Qg6 18.Qd3 Re8 19.Bd2 Re4 20.Na3 Bf5 21.Qf1 Rh4 
22.Rxf5 Qxf5 23.Qb1 Qxb1+ 24.Nxb1 Re4 25.Be3 f5 26.Nd2 Re6 27.Nf3 f4 28.
Bd2 Rb8 29.a4 a5 30.axb5 Rxb5 31.Bc1 h6 32.Kf1 Kf7 33.Ne1 Kf6 34.Nd3 g5 
35.f3 Re7 36.Bd2 Kf5 37.Kf2 Ra7 38.Ra4 Rbb7 39.Kf1 h5 40.Kf2 Rb5 41.Bc1 
Rc7 42.Bd2 Rc4 43.Ra1 a4 44.Ke2 Rb7 45.Kf2 Rb3 46.Ke2 a3 47.bxa3 Ra4 48.h4
gxh4 49.Rh1 Kg5 50.Be1 Raxa3 51.Bxh4+ Kg6 52.Be1 Rb1 53.Rh2 Ra2+ 54.Bd2 
Kg5 55.Rh3 Rba1 56.Rg3+ Kf5 57.Rh3 Kg6 58.Rh4 Kg5 59.Rh2 h4 60.Rh3 Ba3 61.
g3 Rxd2+ 62.Kxd2 fxg3 63.Ne1 g2 64.Nxg2 Ra2+ 65.Kd3 Rxg2 66.c4 Rg3 67.Rh1 
dxc4+ 68.Kxc4 Rxf3 69.Kd5 h3 70.Ke4 Kg4 0-1

[Event "18th Capablanca Memorial group A"]
[Site "Cienfuegos City CUB"]
[Date "1983.??.??"]
[Round "8"]
[White "Fernandez Gonzalez, Juan Carlos"]
[Black "Prandstetter, Eduard"]
[Result "1/2-1/2"]
[WhiteElo "2410"]
[BlackElo "2430"]
[EventDate "1983.05.??"]
[PlyCount "57"]

1.d4 Nf6 2.c4 e6 3.Nf3 b6 4.Nc3 Bb7 5.a3 Ne4 6.Nxe4 Bxe4 7.e3 Be7 8.Be2 
O-O 9.O-O d6 10.Nd2 Bb7 11.Bf3 Bxf3 12.Nxf3 d5 13.Qc2 dxc4 14.Qxc4 c5 15.
dxc5 Bxc5 16.b4 Be7 17.Bb2 Nd7 18.Rad1 Qe8 19.Qc7 Nf6 20.Ne5 Nd5 21.Rxd5 
exd5 22.Nd7 Qd8 23.Qg3 f6 24.Nxf8 Qxf8 25.Qg4 Qc8 26.Qd4 Qc4 27.Qd2 Qb5 
28.Rc1 a5 29.bxa5 1/2-1/2

[Event "18th Capablanca Memorial group A"]
[Site "Cienfuegos City CUB"]
[Date "1983.??.??"]
[Round "8"]
[White "Hernandez Onna, Roman"]
[Black "Psakhis, Lev"]
[Result "0-1"]
[WhiteElo "2435"]
[BlackElo "2580"]
[EventDate "1983.05.??"]
[PlyCount "76"]

1.d4 Nf6 2.Nf3 e6 3.c4 b6 4.Nc3 Bb4 5.e3 Ne4 6.Qc2 Bb7 7.Be2 Bxc3+ 8.bxc3 
O-O 9.O-O f5 10.Ne1 c5 11.f3 Nd6 12.Bd3 Ba6 13.Qe2 Nc6 14.Ba3 Qe7 15.Nc2 
Nf7 16.e4 d6 17.f4 Qd7 18.Rae1 Rae8 19.g4 fxg4 20.Qxg4 Na5 21.Ne3 Qa4 22.
f5 Nh6 23.Qg5 Qxa3 24.fxe6 Qxc3 25.Rxf8+ Rxf8 26.Rf1 Rb8 27.e7 Qxd4 28.e5 
Qxd3 29.Rf8+ Rxf8 30.exf8=Q+ Kxf8 31.Qd8+ Kf7 32.Qd7+ Kg6 33.Qe8+ Kg5 34.
Qe7+ Kh5 35.exd6 Nxc4 36.d7 Nxe3 37.Qe5+ Nhf5 38.Qe8+ g6 0-1

[Event "18th Capablanca Memorial group A"]
[Site "Cienfuegos City CUB"]
[Date "1983.??.??"]
[Round "9"]
[White "Psakhis, Lev"]
[Black "Zapata Ramirez, Alonso"]
[Result "1-0"]
[WhiteElo "2580"]
[BlackElo "2425"]
[EventDate "1983.05.??"]
[PlyCount "63"]

1.d4 Nf6 2.c4 g6 3.Nc3 Bg7 4.e4 O-O 5.Bg5 d6 6.f3 c5 7.d5 e6 8.Qd2 exd5 9.
cxd5 h6 10.Be3 Kh7 11.Nge2 a6 12.a4 Nbd7 13.Ng3 Qa5 14.Be2 Ne5 15.O-O Bd7 
16.Rfc1 Qb4 17.a5 Rfb8 18.Na4 Qxd2 19.Bxd2 Bb5 20.Nb6 Ra7 21.b4 Bxe2 22.
Nxe2 Nd3 23.bxc5 Nxc1 24.Rxc1 dxc5 25.Rxc5 Re8 26.Rc7 Kg8 27.d6 Bf8 28.d7 
Rd8 29.Be3 Kh7 30.e5 Ng8 31.Rc8 Be7 32.Nc3 1-0

[Event "18th Capablanca Memorial group A"]
[Site "Cienfuegos City CUB"]
[Date "1983.??.??"]
[Round "9"]
[White "Prandstetter, Eduard"]
[Black "Hernandez Onna, Roman"]
[Result "1-0"]
[WhiteElo "2430"]
[BlackElo "2435"]
[EventDate "1983.05.??"]
[PlyCount "101"]

1.e4 e5 2.Nf3 Nc6 3.d4 exd4 4.Nxd4 Bc5 5.Nb3 Bb6 6.a4 a5 7.Nc3 Qf6 8.Qe2 
Nge7 9.Be3 Bxe3 10.Qxe3 O-O 11.O-O-O d6 12.Be2 Be6 13.f4 Bxb3 14.cxb3 Nb4 
15.g4 c6 16.f5 Qe5 17.Qg3 Rad8 18.Qxe5 dxe5 19.Bc4 Nc8 20.g5 Nb6 21.Rxd8 
Rxd8 22.Be2 Kf8 23.h4 Rd4 24.h5 Nd3+ 25.Bxd3 Rxd3 26.g6 h6 27.Kc2 Rd6 28.
Nb1 fxg6 29.fxg6 Nd7 30.Nd2 Rf6 31.Nc4 Rf2+ 32.Kb1 Nc5 33.Nxa5 Ke7 34.Rc1 
Nd3 35.Rc3 Rxb2+ 36.Ka1 Rd2 37.Nxb7 Rd1+ 38.Ka2 Nb4+ 39.Kb2 Rd2+ 40.Kb1 
Rd1+ 41.Rc1 Rxc1+ 42.Kxc1 Nd3+ 43.Kd2 Nf4 44.a5 Kd7 45.Nc5+ Kc7 46.Nd3 
Nxh5 47.Nxe5 Nf4 48.Ke3 Ne6 49.Nd3 c5 50.Nf4 Nd8 51.e5 1-0

[Event "18th Capablanca Memorial group A"]
[Site "Cienfuegos City CUB"]
[Date "1983.??.??"]
[Round "9"]
[White "Rodriguez Cespedes, Amador"]
[Black "Fernandez Gonzalez, Juan Carlos"]
[Result "1/2-1/2"]
[WhiteElo "2475"]
[BlackElo "2410"]
[EventDate "1983.05.??"]
[PlyCount "50"]

1.d4 Nf6 2.c4 e6 3.Nf3 c5 4.d5 b5 5.a4 bxc4 6.Nc3 exd5 7.Nxd5 Bb7 8.e4 Be7
9.Bxc4 O-O 10.O-O Nxd5 11.Bxd5 Bxd5 12.Qxd5 Nc6 13.Rd1 Qb6 14.Bg5 Bxg5 15.
Nxg5 h6 16.Nf3 Rfe8 17.Rac1 Rab8 18.Rxc5 Qxb2 19.h3 Qa3 20.Rdc1 Rb7 21.
R5c4 Qe7 22.Nd4 Qxe4 23.Qxe4 Rxe4 24.Nxc6 Rxc4 25.Rxc4 dxc6 1/2-1/2

[Event "18th Capablanca Memorial group A"]
[Site "Cienfuegos City CUB"]
[Date "1983.??.??"]
[Round "9"]
[White "Pfleger, Helmut"]
[Black "Remon Gay, Adelquis"]
[Result "0-1"]
[WhiteElo "2505"]
[BlackElo "2375"]
[EventDate "1983.05.??"]
[PlyCount "66"]

1.Nf3 f5 2.d4 Nf6 3.c4 g6 4.Nc3 Bg7 5.g3 O-O 6.Bg2 d6 7.O-O Qe8 8.b3 e5 9.
dxe5 dxe5 10.Nb5 Rf7 11.Bb2 Nc6 12.Qc1 h6 13.Rd1 a6 14.Nc3 e4 15.Ne1 g5 
16.Nd5 Ne5 17.Nc2 c6 18.Nb6 Rb8 19.Nxc8 Rxc8 20.Ne3 Nh5 21.c5 f4 22.Nc4 e3
23.Nd6 exf2+ 24.Kh1 Qe6 25.Rd2 Rcf8 26.Nxf7 Qxf7 27.Qf1 fxg3 28.h3 Nf4 29.
Rad1 g4 30.Bxe5 Bxe5 31.Rd8 gxh3 32.Bxh3 Qh5 33.e3 g2+ 0-1

[Event "18th Capablanca Memorial group A"]
[Site "Cienfuegos City CUB"]
[Date "1983.??.??"]
[Round "10"]
[White "Zapata Ramirez, Alonso"]
[Black "Remon Gay, Adelquis"]
[Result "1/2-1/2"]
[WhiteElo "2425"]
[BlackElo "2375"]
[EventDate "1983.05.??"]
[PlyCount "184"]

1.e4 c5 2.Nf3 Nc6 3.d4 cxd4 4.Nxd4 Nf6 5.Nc3 e5 6.Ndb5 d6 7.Bg5 a6 8.Na3 
b5 9.Nd5 Be7 10.Bxf6 Bxf6 11.c3 O-O 12.Nc2 Bg5 13.a4 bxa4 14.Rxa4 Kh8 15.
Bc4 Rb8 16.b4 a5 17.O-O axb4 18.Ncxb4 Bd7 19.Ra6 Na5 20.Be2 Bc8 21.Ra7 Bb7
22.Qa4 Ra8 23.Rxa8 Qxa8 24.Nb6 Qa7 25.Nc4 Ra8 26.Nxd6 Kg8 27.Qd7 Bc6 28.
Qxa7 Rxa7 29.Ra1 Bd7 30.Bc4 Bd2 31.Bxf7+ Kf8 32.Nd5 Ra6 33.Bh5 Bc6 34.Be2 
Ra8 35.Ra3 Bc1 36.Ra2 Nb3 37.Rxa8+ Bxa8 38.Nb6 Bc6 39.Nbc4 Ke7 40.f3 Nc5 
41.Nc8+ Ke6 42.N8b6 Bg5 43.Nb2 Nxe4 44.Bc4+ Kd6 45.Nc8+ Kc7 46.fxe4 Kxc8 
47.Bd5 Be3+ 48.Kf1 Bb5+ 49.Bc4 Bc1 50.Bxb5 Bxb2 51.c4 Bd4 52.Ke2 Kc7 53.
Kf3 Kd6 54.Kg4 Ke6 55.Bc6 Kf6 56.Bd5 Bc5 57.Bg8 h6 58.Kh5 Be3 59.Bh7 Bc5 
60.Bg6 Be3 61.h3 Bc5 62.h4 Bf2 63.Bf5 Bb6 64.g4 Be3 65.Bg6 Ke7 66.g5 hxg5 
67.hxg5 Bc5 68.Kg4 Bd6 69.Kf5 Bb8 70.Bh5 Bd6 71.Kg6 Kf8 72.Bg4 Bb8 73.Be6 
Bc7 74.Kf5 Ke7 75.Bg8 Bb8 76.Bd5 Bc7 77.c5 Bb8 78.Kg4 Ba7 79.c6 Bb8 80.Kf3
Bc7 81.Ke3 Kd6 82.Kf3 Ke7 83.Kg4 Bb8 84.Kf5 Bc7 85.Bg8 Bb8 86.Be6 Bc7 87.
Bd7 Bb8 88.Kg4 Bc7 89.Kf3 Kd6 90.Ke3 Bd8 91.g6 Bb6+ 92.Kd3 Kc5 1/2-1/2

[Event "18th Capablanca Memorial group A"]
[Site "Cienfuegos City CUB"]
[Date "1983.??.??"]
[Round "10"]
[White "Rivas Pastor, Manuel"]
[Black "Pfleger, Helmut"]
[Result "1/2-1/2"]
[WhiteElo "2465"]
[BlackElo "2505"]
[EventDate "1983.05.??"]
[PlyCount "44"]

1.d4 d5 2.c4 e6 3.Nf3 Nf6 4.Nc3 Be7 5.Bg5 O-O 6.e3 h6 7.Bh4 Ne4 8.Bxe7 
Qxe7 9.Qc2 Nxc3 10.Qxc3 c6 11.Bd3 Nd7 12.O-O dxc4 13.Bxc4 b6 14.b4 a5 15.
a3 Bb7 16.Be2 Ra7 17.Nd2 Rfa8 18.Nc4 axb4 19.axb4 Ba6 20.Bf3 Bb5 21.Rxa7 
Rxa7 22.Rb1 Ra2 1/2-1/2

[Event "18th Capablanca Memorial group A"]
[Site "Cienfuegos City CUB"]
[Date "1983.??.??"]
[Round "10"]
[White "Boudy Bueno, Julio"]
[Black "Diaz Diaz, Joaquin"]
[Result "1/2-1/2"]
[WhiteElo "2335"]
[BlackElo "2365"]
[EventDate "1983.05.??"]
[PlyCount "49"]

1.d4 d5 2.c4 e6 3.Nc3 Be7 4.Nf3 Nf6 5.Bg5 h6 6.Bh4 O-O 7.e3 b6 8.Bxf6 Bxf6
9.cxd5 exd5 10.Qd2 Be6 11.Rd1 Qe7 12.Be2 Rd8 13.O-O Nd7 14.Qc2 c5 15.dxc5 
Nxc5 16.Nd4 Rac8 17.Bf3 a6 18.Rd2 b5 19.Qd1 Ne4 20.Bxe4 dxe4 21.Nxe4 Bxd4 
22.exd4 Bxa2 23.Nc5 Bd5 24.b4 Re8 25.Rd3 1/2-1/2

[Event "18th Capablanca Memorial group A"]
[Site "Cienfuegos City CUB"]
[Date "1983.??.??"]
[Round "10"]
[White "Hernandez Onna, Roman"]
[Black "Rodriguez Cespedes, Amador"]
[Result "1/2-1/2"]
[WhiteElo "2435"]
[BlackElo "2475"]
[EventDate "1983.05.??"]
[PlyCount "118"]

1.d4 Nf6 2.Nf3 e6 3.c4 b6 4.Nc3 Bb7 5.a3 d5 6.cxd5 Nxd5 7.e3 Nd7 8.Nxd5 
exd5 9.b4 Bd6 10.Bd3 O-O 11.Qc2 h6 12.O-O a5 13.b5 Qe7 14.Bb2 g6 15.Qc3 
Rfe8 16.a4 f5 17.Ba3 Rac8 18.Rfc1 c5 19.bxc6 Rxc6 20.Bxd6 Qxd6 21.Qb3 Rec8
22.Rxc6 Bxc6 23.Rb1 Kg7 24.g3 Rc7 25.h4 h5 26.Ng5 Rb7 27.Rc1 Nf6 28.Bb5 
Bd7 29.Nh3 Bxb5 30.Qxb5 Rc7 31.Rxc7+ Qxc7 32.Nf4 Qd6 33.Kg2 Kf7 34.Nd3 Nd7
35.Kf1 Kg7 36.Ke2 Kf7 37.Ne5+ Nxe5 38.dxe5 Qxe5 39.Qxb6 Qc3 40.Kf3 Qd2 41.
Qa7+ Kf6 42.Qb6+ Kf7 43.Qd4 Qxd4 44.exd4 Ke6 45.Ke3 Ke7 46.Kf3 Ke6 47.Ke3 
Ke7 48.Kf4 Kf6 49.f3 g5+ 50.hxg5+ Kg6 51.Ke5 Kxg5 52.Kxd5 f4 53.gxf4+ Kxf4
54.Kc5 h4 55.d5 h3 56.d6 h2 57.d7 h1=Q 58.d8=Q Qe1 59.Qf8+ Kg3 1/2-1/2

[Event "18th Capablanca Memorial group A"]
[Site "Cienfuegos City CUB"]
[Date "1983.??.??"]
[Round "11"]
[White "Prandstetter, Eduard"]
[Black "Zapata Ramirez, Alonso"]
[Result "0-1"]
[WhiteElo "2430"]
[BlackElo "2425"]
[EventDate "1983.05.??"]
[PlyCount "64"]

1.e4 c5 2.Nf3 e6 3.d4 cxd4 4.Nxd4 d6 5.Nc3 a6 6.Be2 b5 7.f4 Bb7 8.Bf3 Nd7 
9.O-O Qc7 10.Bh5 g6 11.Bf3 Rc8 12.Be3 Ngf6 13.a3 Be7 14.Kh1 O-O 15.f5 e5 
16.Nb3 Nb6 17.Bh6 Rfe8 18.fxg6 hxg6 19.Qe2 Na4 20.Bg4 Nxc3 21.bxc3 Qc4 22.
Bxc8 Qxe2 23.Bxb7 Ng4 24.Bd2 Bh4 25.Bd5 Nf6 26.Bc6 Rc8 27.Bb7 Rc7 28.Ba8 
Kg7 29.Kg1 Rc8 30.Bb7 Rh8 31.Be1 Qxc2 32.Bxh4 Rxh4 0-1

[Event "18th Capablanca Memorial group A"]
[Site "Cienfuegos City CUB"]
[Date "1983.??.??"]
[Round "11"]
[White "Rodriguez Cespedes, Amador"]
[Black "Psakhis, Lev"]
[Result "1/2-1/2"]
[WhiteElo "2475"]
[BlackElo "2580"]
[EventDate "1983.05.??"]
[PlyCount "45"]

1.e4 e6 2.d4 d5 3.Nd2 c5 4.exd5 exd5 5.Ngf3 Nc6 6.Bb5 Bd6 7.dxc5 Bxc5 8.
O-O Ne7 9.Nb3 Bd6 10.Bg5 O-O 11.Re1 Bg4 12.Be2 Re8 13.c3 h6 14.Bh4 Qb6 15.
Nfd4 Bxe2 16.Rxe2 Nxd4 17.Nxd4 Nc6 18.Nf5 Bf8 19.Nxh6+ gxh6 20.Rxe8 Rxe8 
21.Qg4+ Kh7 22.Qf5+ Kg8 23.Qg4+ 1/2-1/2

[Event "18th Capablanca Memorial group A"]
[Site "Cienfuegos City CUB"]
[Date "1983.??.??"]
[Round "11"]
[White "Diaz Diaz, Joaquin"]
[Black "Fernandez Gonzalez, Juan Carlos"]
[Result "1/2-1/2"]
[WhiteElo "2365"]
[BlackElo "2410"]
[EventDate "1983.05.??"]
[PlyCount "55"]

1.e4 c5 2.Nf3 d6 3.d4 cxd4 4.Nxd4 Nf6 5.Nc3 g6 6.Be3 Bg7 7.f3 O-O 8.Qd2 
Nc6 9.g4 Be6 10.O-O-O Nxd4 11.Bxd4 Qa5 12.a3 Rab8 13.h4 b5 14.Nd5 Qxd2+ 
15.Rxd2 Bxd5 16.exd5 Rb7 17.Bh3 Nd7 18.f4 Nb6 19.Re1 Bxd4 20.Rxd4 Rc8 21.
Bf1 a6 22.g5 Rc5 23.Bg2 Rbc7 24.c3 Kf8 25.Kc2 Rc4 26.Red1 Kg7 27.Bf1 R4c5 
28.Bh3 1/2-1/2

[Event "18th Capablanca Memorial group A"]
[Site "Cienfuegos City CUB"]
[Date "1983.??.??"]
[Round "11"]
[White "Pfleger, Helmut"]
[Black "Boudy Bueno, Julio"]
[Result "1-0"]
[WhiteElo "2505"]
[BlackElo "2335"]
[EventDate "1983.05.??"]
[PlyCount "77"]

1.d4 Nf6 2.Nf3 g6 3.g3 Bg7 4.Bg2 O-O 5.O-O d6 6.Nc3 c5 7.d5 Na6 8.e4 Nc7 
9.a4 Bg4 10.h3 Bxf3 11.Bxf3 Rb8 12.Bg2 a6 13.a5 Nd7 14.f4 b5 15.axb6 Rxb6 
16.Ra2 Qb8 17.g4 Bd4+ 18.Kh1 Bxc3 19.bxc3 Rb1 20.Qe2 Qb5 21.c4 Qb6 22.Kh2 
Rb8 23.Bd2 Qb7 24.Bc3 Rb4 25.e5 Nb6 26.Bxb4 cxb4 27.c5 dxc5 28.d6 Ncd5 29.
Rxa6 Qd7 30.Qd2 e6 31.f5 Qb5 32.f6 Kh8 33.Ra2 Nd7 34.Qh6 Rg8 35.Ra8 Nb8 
36.d7 Qb6 37.Bxd5 exd5 38.e6 Qxe6 39.Qg7+ 1-0

[Event "18th Capablanca Memorial group A"]
[Site "Cienfuegos City CUB"]
[Date "1983.??.??"]
[Round "11"]
[White "Remon Gay, Adelquis"]
[Black "Rivas Pastor, Manuel"]
[Result "0-1"]
[WhiteElo "2375"]
[BlackElo "2465"]
[EventDate "1983.05.??"]
[PlyCount "64"]

1.d4 d5 2.c4 c6 3.cxd5 cxd5 4.Nf3 Nc6 5.Nc3 Nf6 6.g3 Bf5 7.Bg2 e6 8.O-O 
Bd6 9.Qb3 O-O 10.Qxb7 Nb4 11.Qb5 Nc2 12.Rb1 Na3 13.bxa3 Rb8 14.Qa6 Bxb1 
15.Bg5 Bg6 16.Ne5 Bxe5 17.dxe5 Qc8 18.Qxa7 Qxc3 19.exf6 gxf6 20.Bh6 Ra8 
21.Qe7 Rfe8 22.Qd6 Qe5 23.Qb4 Qxe2 24.Re1 Qh5 25.Bd2 Reb8 26.Qc3 Qf5 27.
Bh6 Rc8 28.Qd4 Qh5 29.Bd2 Qf5 30.Bh6 Rc4 31.Qxc4 dxc4 32.Bxa8 Qa5 0-1